000 016100000a22003490004500
003 EG-GICUC
005 20250223025239.0
008 080430s2007 ua d f m 000 0 eng d
040 _aEG-GICUC
_beng
_cEG-GICUC
041 0 _aEng
049 _aDeposite
097 _aPh.D
099 _aCai01.12.01.Ph.D.2007.Mo.D
100 0 _aMostafa Abdelgawad Donia
245 1 0 _aDiagnostic studies of a development subtropical cyclones over Eastren Mediterranean /
_cMostafa Abdelgawad Donia ; Supervised Z.Metwally , A.M.Aesawy , M.M.Eissa
246 1 5 _aدراسة تشخيصية لنمو المنخفضات الجوية تحت المدارية فوق منطقة شرق البحر المتوسط
260 _aCairo :
_bMostafa Abdelgawad Donia ,
_c2007
300 _a194Leaves :
_bcharts ;
_c30cm
502 _aThesis (Ph.D.) - Cairo University - Faculty Of Science - Department Of Astronomy and Meteorology
520 _aA diagnostic study for a case of a quasi - stationary upper cut off subropical cyclone initiated over North East Europe and then displaced towards south and persisted over Eastern Mediterranean.This case study was dominated for long period began from 27 Feb.till 15 Maech 1987
530 _aIssued also as CD
653 4 _aEnergy sources
653 4 _aKinetic energy
653 4 _aSynoptic
700 0 _aAhmed Moselhy Aesawy ,
_eSupervisor
700 0 _aMohamed Mahmoud Eissa ,
_eSupervisor
700 0 _aZeen El abdeen Metwally ,
_eSupervisor
856 _uhttp://172.23.153.220/th.pdf
905 _aMustafa
_eRevisor
905 _aNazla
_eCataloger
942 _2ddc
_cTH
999 _c8848
_d8848